ਸੋਹਣੀ ਦੀ ਨਨਾਣ ਹੀਰ ਦਾ ਚਾਚਾ / (Record no. 81354)

MARC details
000 -LEADER
fixed length control field 01154nam a22002777a 4500
005 - DATE AND TIME OF LATEST TRANSACTION
control field 20180213103446.0
008 - FIXED-LENGTH DATA ELEMENTS--GENERAL INFORMATION
fixed length control field 131126b xxu||||| |||| 00| 0 eng d
010 ## - LCCN (DPL NO)
LC control number PUN-7769 B-578053-056 B-669996
020 ## - INTERNATIONAL STANDARD BOOK NUMBER
Terms of availability 135.00
International Standard Book Number 9789350680773
035 ## - SYSTEM CONTROL NUMBER
System control number PN-6887 B-578053-056
035 ## - SYSTEM CONTROL NUMBER
System control number B-669996
037 ## - SOURCE OF ACQUISITION
Source of stock number/acquisition DBAD / PUB
037 ## - SOURCE OF ACQUISITION
Source of stock number/acquisition Unistar Books
037 ## - SOURCE OF ACQUISITION
Source of stock number/acquisition BPPD/VEN /Reserchkoo Books
040 ## - CATALOGING SOURCE
Original cataloging agency dpl
Language of cataloging pn
082 ## - DEWEY DECIMAL CLASSIFICATION NUMBER
Classification number 850
100 ## - MAIN ENTRY--PERSONAL NAME
Personal name ਅਮਰੀਕ ਹਮਰਾਜ਼
245 ## - TITLE STATEMENT
Title ਸੋਹਣੀ ਦੀ ਨਨਾਣ ਹੀਰ ਦਾ ਚਾਚਾ /
Statement of responsibility, etc ਅਮਰੀਕ ਹਮਰਾਜ਼
246 ## - VARYING FORM OF TITLE
Title proper/short title Sohni di nanan heer da chacha
Remainder of title by Amrik Hamraz
260 ## - PUBLICATION, DISTRIBUTION, ETC. (IMPRINT)
Place of publication, distribution, etc Chandigarh
Name of publisher, distributor, etc Unistar Books
Date of publication, distribution, etc 2012
270 ## - ADDRESS
City Chandigarh
Address sco-26-27, sector-34 A
Telephone number 0172-5077427- 9815471219
Postal code 160022
300 4# - PHYSICAL DESCRIPTION
Extent 104p.
Dimensions 22ਸੇਂਮੀ (ਸਜਿਲੱਦ)
942 ## - ADDED ENTRY ELEMENTS (KOHA)
Source of classification or shelving scheme Dewey Decimal Classification
Item type Punjabi Bks
Classification part 850
Call number suffix ਅਮਰੀ
Holdings
Withdrawn status Lost status Source of classification or shelving scheme Damaged status Not for loan Collection code Home library Current library Date acquired Source of acquisition Cost, normal purchase price Total Checkouts Full call number Barcode Date last seen Copy number Cost, replacement price Koha item type
    Dewey Decimal Classification     Non-fiction Ashok Vihar Ashok Vihar 07/06/2017 BPPD/163/27-8-14/41629/18-9-14/8-10-14 135.00   850 ਅਮਰੀ B-669996 07/06/2017 1 135.00 Punjabi Bks
    Dewey Decimal Classification     Non-fiction Central Library Central Library 11/09/2015 BPPD/163/27-8-14/41629/18-9-14/8-10-14 135.00   850 ਅਮਰੀ B-578053 11/09/2015 1 135.00 Punjabi Bks
    Dewey Decimal Classification     Non-fiction D.B.Act.Division D.B.Act.Division 20/12/2013 DBAD 135.00   850 ਅਮਰੀ PN-6887 20/12/2013 1 135.00 Punjabi Bks
    Dewey Decimal Classification     Non-fiction Patel Nagar Patel Nagar 11/09/2015 BPPD/163/27-8-14/41629/18-9-14/8-10-14 135.00   850 ਅਮਰੀ B-578054 11/09/2015 1 135.00 Punjabi Bks
    Dewey Decimal Classification     Non-fiction Sarojini Nagar Sarojini Nagar 11/09/2015 BPPD/163/27-8-14/41629/18-9-14/8-10-14 135.00   850 ਅਮਰੀ B-578055 11/09/2015 1 135.00 Punjabi Bks
    Dewey Decimal Classification     Non-fiction Shahdara Branch Shahdara Branch 11/09/2015 BPPD/163/27-8-14/41629/18-9-14/8-10-14 135.00   850 ਅਮਰੀ B-578056 11/09/2015 1 135.00 Punjabi Bks

© Delhi Public Library
Hit Counter
free hit counter